[Event "Allendale (MI Am/2/9)"]
[Site "?"]
[Date "1987.??.??"]
[Round "?"]
[White "Kung, Fred"]
[Black "Wierda, K.."]
[Result "1-0"]
[WhiteElo "1905"]
[BlackElo "1605"]
[PlyCount "77"]
[EventDate "1987.??.??"]

{2/(9)} 1. e4 e5 2. Nf3 Nc6 3. Bb5 a6 4. Ba4 b5 5. Bb3 Nf6 6. d4 exd4 7. e5 Ng4
8. O-O Be7 9. Bd5 Rb8 10. Re1 O-O 11. h3 Ngxe5 12. Nxe5 Nxe5 13. Rxe5 Bf6 14.
Re1 c5 15. Bf4 d6 16. c3 Bb7 17. Bxb7 Rxb7 18. cxd4 Bxd4 19. Nc3 d5 20. Qf3 Rd7
21. Qg3 b4 22. Nd1 Re8 23. Rxe8+ Qxe8 24. Be3 Be5 25. f4 Bd6 26. Rc1 d4 27. Bd2
a5 28. Qf3 Qb8 29. Nf2 Qb7 30. Qxb7 Rxb7 31. Ne4 Be7 32. Nxc5 Rb8 33. Nb3 d3
34. Kf2 Bf6 35. Nxa5 Bxb2 36. Rc4 Bc3 37. Bxc3 bxc3 38. Rxc3 f6 39. Rxd3 1-0

[Event "Lansing (MI Op/4/27)"]
[Site "?"]
[Date "1987.??.??"]
[Round "?"]
[White "Kung, Fred"]
[Black "Smith, Michael R"]
[Result "1-0"]
[WhiteElo "1870"]
[BlackElo "2010"]
[PlyCount "59"]
[EventDate "1987.??.??"]

{4/(27)} 1. e4 e6 2. d4 d5 3. Nc3 Bb4 4. e5 c5 5. a3 Bxc3+ 6. bxc3 Qa5 7. Bd2
Qa4 8. f4 cxd4 9. cxd4 Qxd4 10. Nf3 Qe4+ 11. Be2 Nc6 12. O-O Qa4 13. Qc1 Nge7
14. Rb1 a6 15. c4 O-O 16. Bd3 Re8 17. Be3 Na5 18. Rb4 Qd7 19. Qe1 dxc4 20.
Bxh7+ Kf8 21. Qh4 Qd5 22. Bc2 Nac6 23. Rd1 Nf5 24. Qh3 Nxb4 25. Rxd5 Nxe3 26.
Rd2 Nbxc2 27. Qh8+ Ke7 28. Qxg7 c3 29. Qf6+ Kf8 30. Ng5 1-0

[Event "Allendale (MI Am/5/7)"]
[Site "?"]
[Date "1987.??.??"]
[Round "?"]
[White "Kung, Fred"]
[Black "Scott, D.."]
[Result "1-0"]
[WhiteElo "1905"]
[BlackElo "1650"]
[PlyCount "63"]
[EventDate "1987.??.??"]

{5/(7)} 1. e4 c5 2. Nf3 a6 3. d4 cxd4 4. Nxd4 d6 5. c4 Nf6 6. Nc3 g6 7. Be2 Bg7
8. Be3 O-O 9. O-O Nc6 10. Qd2 Re8 11. Kh1 Bd7 12. f4 Rc8 13. Rad1 Qc7 14. b3
Nxd4 15. Bxd4 Bc6 16. Bd3 e6 17. f5 gxf5 18. exf5 e5 19. Be3 Ng4 20. f6 Nxf6
21. Bh6 e4 22. Bxg7 e3 23. Qe1 Kxg7 24. Qg3+ Kh8 25. Qh4 Ne4 26. Nxe4 e2 27.
Nf6 exf1=Q+ 28. Rxf1 Kg7 29. Qxh7+ Kf8 30. Qh8+ Ke7 31. Re1+ Kd8 32. Rxe8+ 1-0

[Event "Lansing (MI Op/7/11)"]
[Site "?"]
[Date "1987.??.??"]
[Round "?"]
[White "Kung, Fred"]
[Black "Fischvogt, Eric"]
[Result "0-1"]
[WhiteElo "1870"]
[BlackElo "2300"]
[PlyCount "106"]
[EventDate "1987.??.??"]

{7/(11)} 1. e4 c5 2. Nf3 e6 3. d4 cxd4 4. Nxd4 Nf6 5. Nc3 d6 6. Be3 Be7 7. Qf3
Nc6 8. O-O-O Bd7 9. Be2 O-O 10. Qg3 Kh8 11. Ndb5 Ne8 12. f4 a6 13. Nd4 b5 14.
Bd3 Nb4 15. Be2 Rc8 16. a3 Nc6 17. e5 Na5 18. Bd3 dxe5 19. fxe5 Bxa3 20. Bxh7
Kxh7 21. Ne4 Be7 22. Rhf1 Nc4 23. Bg5 Qa5 24. Kb1 Qb4 25. Nb3 Na3+ 26. bxa3
Qxe4 27. Qh3+ Kg8 28. Bxe7 Qxc2+ 29. Ka1 Rc3 30. Rc1 Rxh3 31. Rxc2 Rxb3 32. Rd1
f6 33. Bxf8 Kxf8 34. Rxd7 Rxa3+ 35. Ra2 Rxa2+ 36. Kxa2 fxe5 37. Ra7 Nd6 38.
Rxa6 Ke7 39. Kb3 e4 40. Kc3 e5 41. Kd2 Ke6 42. h4 Kd5 43. g4 Nc4+ 44. Ke2 b4
45. Ra1 b3 46. h5 b2 47. Rb1 Ke6 48. g5 Kf5 49. h6 gxh6 50. gxh6 Kg6 51. Rxb2
Nxb2 52. Ke3 Kxh6 53. Kxe4 Nc4 0-1

[Event "Allendale (MI Am/3/4)"]
[Site "?"]
[Date "1987.??.??"]
[Round "?"]
[White "Kung, Fred"]
[Black "Boes, Jeff"]
[Result "0-1"]
[WhiteElo "1905"]
[BlackElo "1880"]
[PlyCount "72"]
[EventDate "1987.??.??"]

{3/(4)} 1. e4 d5 2. exd5 Qxd5 3. Nc3 Qa5 4. d4 Nf6 5. Nf3 Bg4 6. h3 Bh5 7. g4
Bg6 8. Ne5 Nbd7 9. Nxd7 Nxd7 10. Bg2 c6 11. Qe2 e6 12. O-O O-O-O 13. Bf4 Be7
14. d5 Qb4 15. Bg3 cxd5 16. Nb5 Nb6 17. Nxa7+ Kd7 18. b3 Ra8 19. Nb5 Rhc8 20.
c4 dxc4 21. a4 Bd3 22. Rfd1 Nd5 23. Rxd3 cxd3 24. Qxd3 Rc5 25. Rd1 Rac8 26. Na7
Rc3 27. Qxh7 Qxb3 28. Rb1 Rc1+ 29. Rxc1 Rxc1+ 30. Kh2 Qd1 31. h4 Qxg4 32. Qd3
Qc4 33. Qxc4 Rxc4 34. Bf1 Rc2 35. Bb5+ Kd8 36. Kh3 Bc5 0-1

[Event "Lansing (MI Op/1b/14)"]
[Site "?"]
[Date "1987.??.??"]
[Round "?"]
[White "Kung, Fred"]
[Black "Baze, Lineas"]
[Result "0-1"]
[WhiteElo "1870"]
[BlackElo "2075"]
[PlyCount "84"]
[EventDate "1987.??.??"]

1. e4 c5 2. Nf3 e6 3. d4 cxd4 4. Nxd4 Nc6 5. Nb5 d6 6. Bf4 e5 7. Bg5 Nf6 8.
N1c3 a6 9. Bxf6 gxf6 10. Na3 b5 11. Nd5 Bg7 12. c3 O-O 13. Nc2 f5 14. exf5 Bxf5
15. Nce3 Be6 16. Qf3 f5 17. g3 Ne7 18. Bh3 e4 19. Qd1 Rc8 20. O-O Be5 21. Qd2
Nxd5 22. Nxd5 Rc5 23. Nf4 Qg5 24. Qe3 Bxf4 25. Qxf4 Qxf4 26. gxf4 Rf6 27. Rfd1
Rg6+ 28. Kh1 Bc4 29. Rg1 Be2 30. Rxg6+ hxg6 31. Bf1 Bxf1 32. Rxf1 Rd5 33. Kg2
Rd2 34. Rb1 e3 35. Kf3 exf2 36. Ke3 Rxb2 37. Rf1 Rxa2 38. Rxf2 Rxf2 39. Kxf2 a5
40. Ke2 a4 41. Kd2 Kf7 42. Kc2 Ke6 0-1

[Event "Lansing (MI Op/4/16)"]
[Site "?"]
[Date "1987.??.??"]
[Round "?"]
[White "Kulbacki, James"]
[Black "Raftshol, W.."]
[Result "1/2-1/2"]
[WhiteElo "2125"]
[BlackElo "1795"]
[PlyCount "83"]
[EventDate "1987.??.??"]

{4/(16)} 1. d4 Nf6 2. c4 g6 3. Nc3 Bg7 4. e4 O-O 5. Be2 d6 6. Nf3 Bg4 7. e5
Nfd7 8. h3 Bxf3 9. Bxf3 Nc6 10. exd6 cxd6 11. O-O Nxd4 12. Bxb7 Rb8 13. Be4 Rb4
14. b3 Nxb3 15. axb3 Bxc3 16. Rxa7 Nc5 17. Bc2 e6 18. Qf3 Bd4 19. Ra3 Rb6 20.
Bd2 Qb8 21. b4 Rxb4 22. Bxb4 Qxb4 23. Ra8 Qxc4 24. Rxf8+ Kxf8 25. Qa8+ Kg7 26.
Bd1 d5 27. Bf3 Nd3 28. Be2 Qc2 29. Bxd3 Qxd3 30. Qa2 Qc4 31. Qd2 Qc5 32. Rd1
Bc3 33. Qd3 d4 34. f4 Qf5 35. Qxf5 gxf5 36. g4 fxg4 37. hxg4 Kg6 38. Kf2 h5 39.
gxh5+ Kxh5 40. Kf3 Kg6 41. Ke4 Kf6 42. Rb1 1/2-1/2

[Event "Hazel Park (MCO/2/10)"]
[Site "?"]
[Date "1987.??.??"]
[Round "?"]
[White "Kulbacki, James"]
[Black "Haakonstad, Olaf"]
[Result "1-0"]
[WhiteElo "2130"]
[BlackElo "1835"]
[PlyCount "105"]
[EventDate "1987.??.??"]

{2/(10)} 1. d4 Nf6 2. c4 e6 3. Nf3 b6 4. g3 Bb7 5. Bg2 Be7 6. O-O O-O 7. Nc3 d5
8. Ne5 Nbd7 9. b3 c5 10. e3 Rc8 11. Bb2 cxd4 12. exd4 a6 13. Rc1 Qc7 14. cxd5
Nxe5 15. dxe5 Qxe5 16. Re1 Qd6 17. dxe6 Qxd1 18. Rcxd1 Bxg2 19. Kxg2 fxe6 20.
Rxe6 Bc5 21. f3 Rcd8 22. Rde1 Rd3 23. Na4 Bb4 24. R1e2 b5 25. Nb6 Nd5 26. Nxd5
Rxd5 27. Rxa6 Rfd8 28. Ra7 Bf8 29. Bc1 Rd1 30. Bg5 R8d5 31. Bf4 h6 32. Ra8 Kf7
33. Rc2 Bc5 34. Rc8 Rg1+ 35. Kh3 Be7 36. R8c7 Rh5+ 37. Kg4 Rh4+ 38. Kf5 Rh5+
39. Ke4 Rd1 40. a4 Rhd5 41. Be3 bxa4 42. bxa4 Ke6 43. f4 Ra5 44. R2c6+ Kf7 45.
Ra7 Rxa7 46. Bxa7 Ra1 47. Ra6 Bb4 48. Bd4 Ra2 49. h4 Re2+ 50. Kf3 Re1 51. Ra7+
Re7 52. Rxe7+ Bxe7 53. a5 1-0

[Event "Lansing (MI Op/7/14)"]
[Site "?"]
[Date "1987.??.??"]
[Round "?"]
[White "Kulbacki, James"]
[Black "Grams, Paul"]
[Result "1-0"]
[WhiteElo "2125"]
[BlackElo "1835"]
[PlyCount "71"]
[EventDate "1987.??.??"]

{7/(14)} 1. d4 Nf6 2. c4 e6 3. Nf3 c5 4. d5 exd5 5. cxd5 d6 6. Nc3 Be7 7. e4
Nbd7 8. Be2 a6 9. a4 O-O 10. O-O Re8 11. Nd2 Rb8 12. a5 Bf8 13. Qc2 b5 14. axb6
Qxb6 15. Nc4 Qa7 16. Na5 Ra8 17. Nc6 Qc7 18. f4 Bb7 19. Na5 Bc8 20. Nc4 Bb7 21.
Bf3 Nb6 22. b3 Nxc4 23. bxc4 Nd7 24. Bd2 Be7 25. Rab1 Bf6 26. e5 dxe5 27. d6
Qxd6 28. Bxb7 Rab8 29. Bd5 Nb6 30. Ne4 Qe7 31. Nxf6+ gxf6 32. Be4 Kh8 33. Rb3
f5 34. Bxf5 e4 35. Rh3 Qf6 36. Bc3 1-0

[Event "Lansing (MI Op/2/11)"]
[Site "?"]
[Date "1987.??.??"]
[Round "?"]
[White "Kulbacki, James"]
[Black "Conley, Steve"]
[Result "0-1"]
[WhiteElo "2125"]
[BlackElo "1905"]
[PlyCount "118"]
[EventDate "1987.??.??"]

{2/(11)} 1. d4 d5 2. c4 e6 3. Nc3 Nf6 4. Bg5 Nbd7 5. e3 Be7 6. Nf3 h6 7. Bh4
O-O 8. Rc1 b6 9. cxd5 exd5 10. Bd3 Bb7 11. O-O c5 12. Bg3 a6 13. Ne5 Rc8 14.
Qf3 g6 15. Bf4 Kg7 16. h3 Nxe5 17. Bxe5 Bd6 18. Bxd6 Qxd6 19. dxc5 bxc5 20.
Rfd1 Qb6 21. Qe2 c4 22. Bb1 Rfe8 23. Qd2 Rcd8 24. Ne2 Kg8 25. Qd4 Qxd4 26. Rxd4
Rd7 27. Rcd1 Red8 28. Nc3 Bc6 29. Bc2 Rb8 30. b3 cxb3 31. Bxb3 Rbd8 32. Ne2 Kf8
33. Nf4 Ke7 34. Nd3 Bb5 35. Ne5 Rd6 36. a4 Be8 37. f3 Rb6 38. Bxd5 Nxd5 39.
Rxd5 Rxd5 40. Rxd5 Bxa4 41. e4 Bb5 42. Kf2 a5 43. Ng4 h5 44. Ne3 a4 45. Rd1 Ke6
46. Nd5 Rb7 47. Rb1 a3 48. Ra1 Ra7 49. Ke3 Kd6 50. Kd4 Bd7 51. Kc3 Be6 52. Nb4
Ra8 53. Nc2 a2 54. Nb4 Ra3+ 55. Kc2 Kc5 56. Nd3+ Kd4 57. Nf4 Ke3 58. Nd5+ Kf2
59. Kb2 Ra5 0-1

[Event "Hazel Park (MCO/4/11)"]
[Site "?"]
[Date "1987.??.??"]
[Round "?"]
[White "Kulbacki, James"]
[Black "Ball, Ed"]
[Result "1/2-1/2"]
[WhiteElo "2130"]
[BlackElo "2740"]
[PlyCount "67"]
[EventDate "1987.??.??"]

{4/(11)} 1. b4 a5 2. b5 c6 3. c4 Nf6 4. Bb2 e6 5. e3 d5 6. Nf3 Nbd7 7. Nc3 Nb6
8. cxd5 cxd5 9. Be2 Be7 10. O-O O-O 11. d4 Bd6 12. Ne5 Bxe5 13. dxe5 Nfd7 14.
f4 f5 15. exf6 Nxf6 16. Qc2 Rf7 17. e4 Bd7 18. Rad1 Rc8 19. Qb1 Nc4 20. Bxc4
Qb6+ 21. Kh1 Rxc4 22. exd5 exd5 23. Nxd5 Qxb5 24. Bxf6 gxf6 25. Qa1 Bc6 26.
Nxf6+ Kf8 27. Qe5 Qxe5 28. fxe5 Rc2 29. Nxh7+ Ke8 30. Rxf7 Bxg2+ 31. Kg1 Kxf7
32. Rd7+ Ke6 33. Rg7 Bc6 34. Nf8+ 1/2-1/2

[Event "Allendale (MI Am/2/2)"]
[Site "?"]
[Date "1987.??.??"]
[Round "?"]
[White "Kruskie, Jerry"]
[Black "Smith, Les L"]
[Result "0-1"]
[WhiteElo "1855"]
[BlackElo "1995"]
[PlyCount "60"]
[EventDate "1987.??.??"]

{2/(2)} 1. e4 c5 2. Nc3 Nc6 3. f4 d6 4. Nf3 Nf6 5. g3 a6 6. a4 e5 7. d3 Be7 8.
Bg2 Bd7 9. O-O h5 10. f5 Rc8 11. Kh1 Nd4 12. Ne2 Qb6 13. c3 Nb3 14. Ra3 c4 15.
dxc4 Nxc1 16. Qxc1 Nxe4 17. Bh3 Nf2+ 18. Kg2 Nxh3 19. Kxh3 Bxf5+ 20. Kg2 Bd3
21. Re1 Bxc4 22. b3 Be6 23. a5 Qc6 24. Qe3 h4 25. c4 g5 26. Kf1 hxg3 27. Nxg3
g4 28. Ng5 Rxh2 29. N5e4 f5 30. Nf2 f4 0-1

[Event "Allendale (MI Am/4/7)"]
[Site "?"]
[Date "1987.??.??"]
[Round "?"]
[White "Kruskie, Jerry"]
[Black "Scott, D.."]
[Result "1/2-1/2"]
[WhiteElo "1855"]
[BlackElo "1650"]
[PlyCount "59"]
[EventDate "1987.??.??"]

{4/(7)} 1. e4 c5 2. Nc3 d6 3. f4 Nc6 4. Nf3 Nf6 5. Bc4 e6 6. d3 Be7 7. O-O O-O
8. h3 d5 9. Bb5 Bd7 10. e5 Ne8 11. Bxc6 Bxc6 12. d4 b6 13. Be3 h6 14. Qe1 Kh7
15. g4 Bd7 16. Rd1 Rc8 17. Kh2 Rg8 18. Ne2 g6 19. Ng3 Ng7 20. Qd2 Bh4 21. Nxh4
Qxh4 22. g5 Nf5 23. Bf2 Nxg3 24. Bxg3 Qh5 25. Bf2 Bb5 26. Rg1 Qe2 27. Rg3 cxd4
28. Qxe2 Bxe2 29. Rd2 Bb5 30. Bxd4 1/2-1/2

[Event "Hazel Park (MCO/2/39)"]
[Site "?"]
[Date "1987.??.??"]
[Round "?"]
[White "Koteles, M.."]
[Black "Mohammed, A.."]
[Result "1-0"]
[WhiteElo "1695"]
[BlackElo "1605"]
[PlyCount "117"]
[EventDate "1987.??.??"]

{2/(39)} 1. e4 d5 2. exd5 Nf6 3. d4 Nxd5 4. c4 Nb6 5. Nc3 Bf5 6. Nf3 f6 7. Be2
e6 8. O-O c5 9. Re1 cxd4 10. Nxd4 Be7 11. Nxf5 Qxd1 12. Nxg7+ Kf7 13. Bxd1 Kxg7
14. Rxe6 Bb4 15. Nd5 Nxd5 16. cxd5 Rd8 17. Bb3 Na6 18. Bf4 Re8 19. Rd1 Nc5 20.
Re3 Rxe3 21. fxe3 b5 22. Bc2 Nb7 23. a3 Bd6 24. g3 Rc8 25. Bf5 Bxf4 26. Bxc8
Bxe3+ 27. Kg2 Nd6 28. Be6 Bb6 29. b3 Kf8 30. Rc1 Ke7 31. Re1 Kf8 32. Bd7 Bd8
33. Re6 Be7 34. Re3 Nb7 35. b4 Nd6 36. Rc3 Bd8 37. Rc6 Ke7 38. Be6 Bb6 39. Rc3
Nc4 40. Kh3 Nd6 41. Bg8 h6 42. Kg4 Kf8 43. Be6 Nc4 44. Kh5 Kg7 45. Rd3 Nd6 46.
Rd1 Bf2 47. Rc1 Nc4 48. a4 a6 49. axb5 axb5 50. Ra1 Bd4 51. Ra8 f5 52. Rg8+ Kf6
53. Rf8+ Ke7 54. Rxf5 Nd6 55. Rf3 Bg7 56. Kg6 Bf8 57. h4 Nc4 58. Rf7+ Ke8 59.
Bd7+ 1-0

[Event "Hazel Park (MCO/4/37)"]
[Site "?"]
[Date "1987.??.??"]
[Round "?"]
[White "Koteles, M.."]
[Black "Kezele, P.."]
[Result "1-0"]
[WhiteElo "1695"]
[BlackElo "1605"]
[PlyCount "69"]
[EventDate "1987.??.??"]

{4/(37)} 1. e4 c5 2. Nf3 d6 3. d4 cxd4 4. Nxd4 g6 5. Nc3 Nc6 6. Bc4 Ne5 7. Bb3
Bg7 8. O-O Nf6 9. h3 Nfd7 10. a3 O-O 11. Be3 Nb6 12. Qe2 Kh8 13. f4 Ned7 14. a4
Nc5 15. f5 Nxb3 16. Nxb3 Bd7 17. a5 Nc8 18. Nd4 a6 19. fxg6 fxg6 20. Rxf8+ Qxf8
21. Rf1 Qd8 22. b4 Qe8 23. Nd5 Qg8 24. Nf3 Bb5 25. c4 Bc6 26. Ng5 Bxd5 27. exd5
Bf6 28. Ne6 b6 29. Bh6 Rb8 30. Rxf6 exf6 31. Bg7+ Qxg7 32. Nxg7 Kxg7 33. axb6
Nxb6 34. Qe7+ Kh6 35. Qxd6 1-0

[Event "Hazel Park (MCO/5/23)"]
[Site "?"]
[Date "1987.??.??"]
[Round "?"]
[White "Koteles, M.."]
[Black "Coleman, John"]
[Result "0-1"]
[WhiteElo "1695"]
[BlackElo "1905"]
[PlyCount "80"]
[EventDate "1987.??.??"]

{5/(23)} 1. e4 c6 2. d4 d5 3. Nd2 dxe4 4. Nxe4 Bf5 5. Ng3 Bg6 6. h4 h6 7. Nf3
Nd7 8. h5 Bh7 9. Bd3 Bxd3 10. Qxd3 Ngf6 11. Bd2 Qc7 12. O-O-O O-O-O 13. Qe2 e6
14. Rhe1 Nb6 15. Kb1 Bd6 16. Ne5 Bxe5 17. dxe5 Nfd5 18. c4 Ne7 19. f4 c5 20.
Ne4 Nf5 21. Ba5 Qc6 22. b3 Rd4 23. Rxd4 Nxd4 24. Qf2 Rd8 25. Nd6+ Kd7 26. Nxf7
Rf8 27. Nd6 Nc8 28. Nxc8 Kxc8 29. Qg3 Nf5 30. Qf2 Rf7 31. Bc3 Rd7 32. g4 Ne7
33. Qe3 b6 34. Re2 Qh1+ 35. Re1 Qg2 36. Qg1 Qf3 37. Qh1 Qxc3 38. Qa8+ Kc7 39.
Qxa7+ Kd8 40. Qb8+ Nc8 0-1

[Event "Hazel Park (MCO/2/24)"]
[Site "?"]
[Date "1987.??.??"]
[Round "?"]
[White "Koster, Ed"]
[Black "Whitworth, M.."]
[Result "1-0"]
[WhiteElo "2185"]
[BlackElo "1605"]
[PlyCount "65"]
[EventDate "1987.??.??"]

{2/(24)} 1. d4 d5 2. c4 e6 3. Nc3 Bb4 4. Nf3 c5 5. cxd5 Qxd5 6. g3 Nf6 7. Bg2
Nc6 8. O-O Bxc3 9. bxc3 Qc4 10. Ba3 O-O 11. Bxc5 Rd8 12. Qc2 Nd5 13. Rfc1 b6
14. Ba3 Ba6 15. e4 Nf6 16. Bf1 Nxd4 17. cxd4 Qxc2 18. Rxc2 Bxf1 19. Kxf1 Nxe4
20. Rac1 Nf6 21. Be7 Re8 22. Bxf6 gxf6 23. Rc7 b5 24. Rb7 a6 25. Rcc7 Rf8 26.
Ke2 Kg7 27. Ra7 b4 28. Rxf7+ Rxf7 29. Rxa8 e5 30. Rxa6 Rb7 31. dxe5 fxe5 32.
Nxe5 Re7 33. f4 1-0

[Event "Hazel Park (MCO/6/4)"]
[Site "?"]
[Date "1987.??.??"]
[Round "?"]
[White "Koster, Ed"]
[Black "Robison, B.."]
[Result "1-0"]
[WhiteElo "2185"]
[BlackElo "2020"]
[PlyCount "129"]
[EventDate "1987.??.??"]

{6/(4)} 1. e4 e6 2. d4 d5 3. Nc3 Bb4 4. e5 c5 5. a3 Bxc3+ 6. bxc3 Qc7 7. Nf3
Ne7 8. a4 b6 9. Bb5+ Bd7 10. Bd3 Nbc6 11. O-O h6 12. Ba3 Na5 13. Nd2 Bxa4 14.
dxc5 bxc5 15. Qg4 Bd7 16. Qxg7 Rg8 17. Qf6 Nf5 18. Rfb1 Nc6 19. Bxf5 exf5 20.
Bxc5 Be6 21. Bd6 Qd8 22. Qxh6 Qg5 23. Qxg5 Rxg5 24. f4 Rg4 25. g3 Bc8 26. Nf3
Rg6 27. Rb6 Kd7 28. Nh4 Rxd6 29. exd6 Kxd6 30. Nf3 Kc5 31. Rbb1 a5 32. Ra4 Bd7
33. Rb7 Be8 34. Ra1 Kc4 35. Ra3 f6 36. Nh4 d4 37. Nxf5 Bg6 38. Nxd4 Nxd4 39.
cxd4 Kxd4 40. c3+ Ke4 41. Kf2 Rd8 42. Ra4+ Kd3 43. Rd4+ Rxd4 44. cxd4 Kxd4 45.
Ra7 Bh5 46. Rxa5 Bg4 47. Kg2 Ke3 48. Ra3+ Ke4 49. h3 Bd1 50. Ra6 Kf5 51. Kf2
Bc2 52. Ke3 Kg6 53. g4 Kg7 54. Kd4 Bd1 55. Ra7+ Kg6 56. f5+ Kg5 57. Rg7+ Kh4
58. g5 fxg5 59. f6 Bb3 60. f7 Bxf7 61. Rxf7 Kxh3 62. Rg7 g4 63. Ke3 Kg3 64. Ke2
Kh3 65. Kf2 1-0

[Event "Hazel Park (MCO/4/6)"]
[Site "?"]
[Date "1987.??.??"]
[Round "?"]
[White "Koster, Ed"]
[Black "Dangremond, Leonard"]
[Result "1/2-1/2"]
[WhiteElo "2185"]
[BlackElo "1995"]
[PlyCount "101"]
[EventDate "1987.??.??"]

{4/(6)} 1. e4 e5 2. Nf3 Nc6 3. Bb5 a6 4. Ba4 Nf6 5. O-O Be7 6. Re1 b5 7. Bb3 d6
8. c3 O-O 9. h3 Na5 10. Bc2 c5 11. d4 Qc7 12. Nbd2 Bb7 13. d5 c4 14. Nf1 Bc8
15. g4 Nb7 16. Ng3 Nc5 17. Kh2 Bd7 18. Rg1 Kh8 19. Qe2 a5 20. Be3 a4 21. a3
Rac8 22. Rg2 Ng8 23. Nf5 Qd8 24. Rag1 g6 25. Ng3 Kg7 26. Qd2 f6 27. Ne1 g5 28.
Nh5+ Kh8 29. Rh1 Nh6 30. Kg1 Rg8 31. f3 Be8 32. Ng3 Bg6 33. Rgh2 Nf7 34. Ng2
Kg7 35. h4 h6 36. hxg5 hxg5 37. Nf5+ Bxf5 38. exf5 Rh8 39. Rxh8 Nxh8 40. Ne1
Nf7 41. Rh5 Qc7 42. Be4 Rh8 43. Qh2 Qc8 44. Nc2 Na6 45. Rxh8 Qxh8 46. Qxh8+
Kxh8 47. Nb4 Nxb4 48. axb4 Bd8 49. Kf2 Kg7 50. Ke2 Kf8 51. Kd2 1/2-1/2

[Event "Lansing (MI Op/5/25)"]
[Site "?"]
[Date "1987.??.??"]
[Round "?"]
[White "Kornhauser, M.."]
[Black "Skidmore, Mike"]
[Result "0-1"]
[WhiteElo "1760"]
[BlackElo "1920"]
[PlyCount "92"]
[EventDate "1987.??.??"]

{5/(25)} 1. Nf3 d5 2. g3 c6 3. Bg2 Nf6 4. O-O Nbd7 5. d4 e6 6. Bg5 h6 7. Bxf6
Nxf6 8. Nbd2 Bd6 9. Re1 O-O 10. e4 dxe4 11. Nxe4 Nxe4 12. Rxe4 Qc7 13. c4 b6
14. Rc1 Bb7 15. Re2 Rad8 16. Qa4 a6 17. d5 exd5 18. cxd5 c5 19. Nd4 b5 20. Qc2
cxd4 21. Qxc7 Bxc7 22. Rxc7 Bxd5 23. Rd2 Bxa2 24. b4 Bc4 25. Bf1 d3 26. Ra7 Rd6
27. f3 Rfd8 28. Re7 Be6 29. Rc7 Bb3 30. Rc3 Bc2 31. Ra3 Kf8 32. Kf2 Ke7 33. Ke3
Ke6 34. Bxd3 Bxd3 35. Raxd3 Rxd3+ 36. Rxd3 Rxd3+ 37. Kxd3 Kd5 38. Kc3 f5 39.
Kd3 g5 40. h3 h5 41. h4 f4 42. gxf4 gxh4 43. Ke3 Ke6 44. Ke4 h3 45. f5+ Kf6 46.
Kf4 h4 0-1

[Event "Lansing (MI Op/1b/22)"]
[Site "?"]
[Date "1987.??.??"]
[Round "?"]
[White "Kornhauser, M.."]
[Black "LaForge, Tom"]
[Result "1-0"]
[WhiteElo "1760"]
[BlackElo "1935"]
[PlyCount "107"]
[EventDate "1987.??.??"]

1. Nf3 d5 2. g3 c5 3. Bg2 Nc6 4. d4 Nf6 5. O-O e6 6. Nc3 cxd4 7. Nxd4 Bb4 8.
Bg5 h6 9. Bxf6 Qxf6 10. Ncb5 O-O 11. c3 Be7 12. e4 dxe4 13. Bxe4 Rd8 14. Qc2
Bd7 15. Rad1 e5 16. Nxc6 Bxc6 17. Nc7 Rac8 18. Nd5 Bxd5 19. Rxd5 Rxd5 20. Bxd5
b5 21. Rd1 Bc5 22. Rd3 Qf5 23. Qe2 e4 24. Bxe4 Re8 25. Re3 Rxe4 26. Rxe4 Bxf2+
27. Kg2 Bb6 28. Re8+ Kh7 29. Qe4 Kg6 30. Qxf5+ Kxf5 31. Kf3 h5 32. Re7 Kf6 33.
Re4 Bc5 34. a4 bxa4 35. Rxa4 Ke6 36. Ra5 Kd6 37. b4 Bb6 38. Rxh5 Bd8 39. Ke4
Kc6 40. Rf5 f6 41. Kd3 a6 42. Kc4 Be7 43. Rh5 Bd6 44. Rh7 g5 45. Rf7 Be5 46.
Re7 Kb6 47. Re6+ Kb7 48. Kd3 Kc7 49. c4 Bb2 50. c5 Kb7 51. Kc4 Ba1 52. c6+ Kb6
53. Kd5 Bc3 54. c7+ 1-0

[Event "Lansing (MI Op/4/15)"]
[Site "?"]
[Date "1987.??.??"]
[Round "?"]
[White "Kornhauser, M.."]
[Black "Everett, Morgan"]
[Result "0-1"]
[WhiteElo "1760"]
[BlackElo "2060"]
[PlyCount "92"]
[EventDate "1987.??.??"]

{4/(15)} 1. Nf3 c5 2. g3 g6 3. Bg2 Bg7 4. O-O Nc6 5. d3 Nf6 6. Nc3 O-O 7. e4 d6
8. Bd2 Bg4 9. h3 Bxf3 10. Bxf3 Rb8 11. Bg2 Nd4 12. Ne2 Nxe2+ 13. Qxe2 b5 14. f4
Nh5 15. Kh2 Bxb2 16. Rab1 Bg7 17. g4 Nf6 18. g5 Nd7 19. f5 b4 20. h4 Rb6 21. h5
Ra6 22. hxg6 fxg6 23. fxg6 Rxa2 24. Rxf8+ Nxf8 25. gxh7+ Kh8 26. Bf4 Ne6 27.
Be3 Qe8 28. Bh3 Nf8 29. Rh1 Qa4 30. Rc1 b3 31. Qh5 e6 32. Qf7 Kxh7 33. g6+ Kh8
34. Bxe6 Nxe6 35. Bh6 Qd4 36. Bxg7+ Qxg7 37. Qxe6 Qe5+ 38. Qxe5+ dxe5 39. Kg3
Rxc2 40. Rg1 b2 41. Kg4 Kg7 42. Kf5 a5 43. Rh1 Rf2+ 44. Kxe5 a4 45. Kd5 a3 46.
e5 a2 0-1

[Event "Lansing (MI Op/1a/7)"]
[Site "?"]
[Date "1987.??.??"]
[Round "?"]
[White "Knecht, Mark"]
[Black "Triplett, Thomas"]
[Result "1/2-1/2"]
[WhiteElo "2130"]
[BlackElo "1875"]
[PlyCount "70"]
[EventDate "1987.??.??"]

1. e4 c5 2. Nf3 d6 3. d4 cxd4 4. Nxd4 Nf6 5. Nc3 a6 6. Bc4 e6 7. Bb3 b5 8. f4
Qc7 9. O-O Be7 10. f5 e5 11. Nde2 Bb7 12. Ng3 O-O 13. Bg5 Nbd7 14. Bxf6 Nxf6
15. Nh5 Rac8 16. Nxf6+ Bxf6 17. a3 Rfd8 18. Qd3 Rd7 19. Rad1 Rcd8 20. Bd5 Qc5+
21. Kh1 Bg5 22. Qg3 Bf4 23. Qg4 Kh8 24. g3 Be3 25. f6 g6 26. h4 Bc8 27. Qf3 Bd4
28. g4 Rc7 29. Rd3 h6 30. g5 h5 31. b4 Qb6 32. Bb3 Bxc3 33. Rxc3 Bg4 34. Qd3
Rxc3 35. Qxc3 Rc8 1/2-1/2

[Event "Lansing (MI Op/3/17)"]
[Site "?"]
[Date "1987.??.??"]
[Round "?"]
[White "Knecht, Mark"]
[Black "Skidmore, Mike"]
[Result "1-0"]
[WhiteElo "2135"]
[BlackElo "1920"]
[PlyCount "53"]
[EventDate "1987.??.??"]

{3/(17)} 1. e4 d6 2. d4 Nf6 3. Nc3 g6 4. f4 Bg7 5. Nf3 O-O 6. Bd3 Nc6 7. Be3 e5
8. fxe5 dxe5 9. d5 Ng4 10. Bc5 Ne7 11. h3 Nf6 12. Bc4 Nd7 13. Be3 Nb6 14. Bb3
Kh8 15. O-O f5 16. exf5 Nxf5 17. Bc5 Nd6 18. Qe2 Nd7 19. Be3 Nf5 20. Bg5 Qe8
21. Ne4 h6 22. Bh4 Nxh4 23. Nxh4 Kh7 24. Qc4 Qe7 25. d6 Qe8 26. Rxf8 Nxf8 27.
Qg8# 1-0

[Event "Lansing (MI Op/6/9)"]
[Site "?"]
[Date "1987.??.??"]
[Round "?"]
[White "Knecht, Mark"]
[Black "Everett, Morgan"]
[Result "0-1"]
[WhiteElo "2135"]
[BlackElo "2060"]
[PlyCount "66"]
[EventDate "1987.??.??"]

{6/(9)} 1. e4 e5 2. Nf3 Nc6 3. Bc4 Nf6 4. d4 exd4 5. e5 d5 6. Bb5 Ne4 7. Nxd4
Bd7 8. Bxc6 bxc6 9. O-O Bc5 10. f3 Ng5 11. f4 Ne4 12. Be3 O-O 13. Nd2 Nxd2 14.
Qxd2 f6 15. Rae1 fxe5 16. fxe5 Rxf1+ 17. Rxf1 Qe7 18. Re1 Re8 19. Nf3 Bf5 20.
Qf2 Bb6 21. Bxb6 axb6 22. Nd4 Be4 23. Nxc6 Qd7 24. Rf1 h6 25. Nd4 Rxe5 26. Qf8+
Kh7 27. Qf4 Rg5 28. Rf2 c5 29. Nf3 Rf5 30. Qg3 Qe6 31. Re2 Qf6 32. c3 Bxf3 33.
gxf3 Rg5 0-1

[Event "Lansing (MI Op/3/11)"]
[Site "?"]
[Date "1987.??.??"]
[Round "?"]
[White "Kitts, Gary"]
[Black "Stanfield, L.."]
[Result "1-0"]
[WhiteElo "2090"]
[BlackElo "1960"]
[PlyCount "69"]
[EventDate "1987.??.??"]

{3/(11)} 1. e4 d5 2. exd5 Qxd5 3. Nc3 Qd6 4. d4 Nf6 5. Nf3 Bg4 6. Be2 c6 7. O-O
e6 8. Be3 Be7 9. Ne5 Bxe2 10. Qxe2 O-O 11. f4 Nbd7 12. Rad1 Nd5 13. Ne4 Qc7 14.
Kh1 N7f6 15. Bc1 Nxe4 16. Qxe4 Nf6 17. Qf3 Qa5 18. a3 Rad8 19. c4 Qb6 20. c5
Qc7 21. b4 a6 22. g4 Nd7 23. Nc4 Nf6 24. f5 exf5 25. gxf5 Qd7 26. Nb6 Qe8 27.
Rfe1 Nd5 28. Nxd5 Rxd5 29. f6 gxf6 30. Qe4 Qd7 31. Qxe7 Qh3 32. Rg1+ Rg5 33.
Rxg5+ fxg5 34. Qxg5+ Kh8 35. Qf6+ 1-0

[Event "Lansing (MI Op/1b/9)"]
[Site "?"]
[Date "1987.??.??"]
[Round "?"]
[White "Kitts, Gary"]
[Black "Riseman, J.."]
[Result "1-0"]
[WhiteElo "2090"]
[BlackElo "1925"]
[PlyCount "95"]
[EventDate "1987.??.??"]

1. e4 e6 2. d4 d5 3. Nd2 c5 4. exd5 Qxd5 5. dxc5 Bxc5 6. Ngf3 Nf6 7. Bc4 Qc6 8.
Qe2 Nbd7 9. O-O a6 10. Nb3 b5 11. Bd3 O-O 12. Bg5 Bb6 13. Rac1 h6 14. Be3 Bc7
15. c4 Qb7 16. c5 Ne5 17. Nxe5 Bxe5 18. f4 Bb8 19. c6 Qc7 20. Nd4 Nd5 21. Kh1
Ba7 22. Be4 Nxe3 23. Qxe3 e5 24. fxe5 Rd8 25. Nxb5 axb5 26. Qb3 Rb8 27. Bd5
Rxd5 28. Qxd5 Ba6 29. Qd6 Rc8 30. a3 Bb8 31. Rfd1 Qb6 32. c7 Bxc7 33. Qxb6 Bxb6
34. Rxc8+ Bxc8 35. Rd6 Ba5 36. Rd5 Ba6 37. a4 Kf8 38. axb5 Bb7 39. Rd7 Be4 40.
Rd4 Bf5 41. Ra4 Bb6 42. Ra6 Bd4 43. b6 Bxb2 44. Ra8+ Ke7 45. b7 Bxe5 46. Ra5
Bb8 47. Rxf5 g6 48. Rc5 1-0